000 00674nam a2200229Ia 4500
003 GCL
008 140319s9999 xx 000 0 ara d
040 _aGCL /
_cGCL
082 0 4 _a301.42
_bو ق
100 1 _aعبدالمنعم الزيادى
245 1 0 _aقصة الزواج /
_cعبدالمنعم الزيادى
700 1 _aوسترمارك , ادوارد
260 _aالقاهرة :
_bمكتبة نهضة مصر
300 _a335 ص ؛
_c20 سم
490 _a
650 0 4 _aالاختيار
650 0 4 _aالسلوك الجنسى
650 0 4 _aالاسرة
650 0 4 _aالزواج
650 0 4 _aالعلاقات الاسرية
942 _2ddc
_cBK
999 _c38992
_d38992